[Event "FIDE WRBTC Blitz-Pool 2024"]
[Site "Astana"]
[Date "2024.08.05"]
[Round "6.13"]
[White "Primbetov, Nurassyl"]
[Black "Shonazarov, Orash"]
[Result "0-1"]
[WhiteElo "1784"]
[BlackElo "2277"]
[Annotator "ChessBase"]
[PlyCount "140"]
[EventDate "2024.08.01"]
[EventType "team-tourn"]
[EventCountry "KAZ"]
[SourceTitle "playchess.com"]
[Source "ChessBase"]
[SourceQuality "1"]

1. e4 c5 2. c4 d6 3. Nc3 Nc6 4. g3 g6 5. Bg2 Bg7 6. Nge2 e6 7. O-O Nge7 8. Rb1 O-O 9. a3 a5 10. d3 Bd7 11. h3 Nd4 12. Kh2 a4 13. Nxd4 cxd4 14. Ne2 Bc6 15. f4 f5 16. b3 axb3 17. Qxb3 Kh8 18. Bd2 e5 19. exf5 gxf5 20. Bxc6 bxc6 21. fxe5 dxe5 22. Bg5 Qd7 23. a4 Ng6 24. Qb4 e4 25. dxe4 fxe4 26. Nf4 Ne5 27. Kg2 Nf3 28. Qe7 Qxe7 29. Bxe7 Rfe8 30. Rb7 Rxa4 31. Ne6 Be5 32. Rxf3 exf3+ 33. Kxf3 d3 34. Ke4 Ra5 35. c5 Bc3 36. Kxd3 Ra3 37. Ke4 Ba1 38. Nf4 Rxg3 39. Kf5 Rf3 40. Bd6 Bd4 41. Rb4 Be3 42. Be5+ Kg8 43. Re4 Bxf4 44. Bxf4 Rxe4 45. Kxe4 Rxh3 46. Ke5 Rd3 47. Bh2 Kf7 48. Bg1 Rd5+ 49. Ke4 h5 50. Bf2 Ke6 51. Be3 Re5+ 52. Kf3 Rxe3+ 53. Kxe3 Kd5 54. Kf4 Kxc5 55. Kg5 Kd4 56. Kxh5 c5 57. Kg4 c4 58. Kf3 Kd3 59. Kf2 Kd2 60. Kf1 c3 61. Kf2 c2 62. Kf3 c1=Q 63. Ke4 Qc4+ 64. Ke5 Ke3 65. Kd6 Kd4 66. Kd7 Kd5 67. Kd8 Qa6 68. Kc7 Qa7+ 69. Kd8 Kd6 70. Ke8 Qe7# 0-1

[Event "FIDE WRBTC Blitz-Pool 2024"]
[Site "Astana"]
[Date "2024.08.05"]
[Round "6.14"]
[White "Aitbayev, Aslan"]
[Black "Serikgali Daulet"]
[Result "1-0"]
[WhiteElo "2380"]
[BlackElo "1571"]
[Annotator "ChessBase"]
[PlyCount "70"]
[EventDate "2024.08.01"]
[EventType "team-tourn"]
[EventCountry "KAZ"]
[SourceTitle "playchess.com"]
[Source "ChessBase"]
[SourceQuality "1"]

1. e4 c5 2. Nf3 e6 3. g3 d5 4. exd5 exd5 5. d4 Nf6 6. Bg2 cxd4 7. O-O Be7 8. Nxd4 O-O 9. Nc3 Nc6 10. Re1 h6 11. Nb3 Bg4 12. f3 Be6 13. Be3 Rc8 14. Nd4 Nxd4 15. Bxd4 Bc5 16. Bxc5 Rxc5 17. Kh1 Qd7 18. Ne2 Bh3 19. Nd4 Bxg2+ 20. Kxg2 Rc4 21. c3 b5 22. a3 a5 23. Nc2 Nh7 24. Ne3 Rc5 25. Qd4 Rfc8 26. Rad1 Ng5 27. Qg4 Qxg4 28. fxg4 Rd8 29. Rd3 Ne4 30. Red1 Nf6 31. Kf3 Kf8 32. h4 g5 33. Nf5 gxh4 34. gxh4 h5 35. g5 Ng4 1-0

[Event "FIDE WRBTC Blitz-Pool 2024"]
[Site "Astana"]
[Date "2024.08.05"]
[Round "6.14"]
[White "Karmenov, Berik"]
[Black "Tulegenov, Amir"]
[Result "0-1"]
[WhiteElo "2046"]
[BlackElo "1858"]
[Annotator "ChessBase"]
[PlyCount "94"]
[EventDate "2024.08.01"]
[EventType "team-tourn"]
[EventCountry "KAZ"]
[SourceTitle "playchess.com"]
[Source "ChessBase"]
[SourceQuality "1"]

1. e4 d5 2. exd5 Nf6 3. d4 Bg4 4. Be2 Bxe2 5. Nxe2 Qxd5 6. O-O Nc6 7. Nbc3 Qh5 8. Ng3 Qxd1 9. Rxd1 Nb4 10. Nb5 O-O-O 11. c3 Nc6 12. Bf4 Nd5 13. Be3 a6 14. Na3 e6 15. Nc2 Be7 16. a3 Na5 17. Nb4 Nxe3 18. fxe3 Nc4 19. Rf1 Rhf8 20. Nd3 Nxe3 21. Rf3 Ng4 22. h3 Nf6 23. Ne5 c5 24. dxc5 Bxc5+ 25. Kh1 Bd6 26. Nc4 Bxg3 27. Rxg3 g6 28. Rf3 Ne4 29. Re3 f5 30. a4 Kc7 31. a5 Rd5 32. b4 Rfd8 33. Nb6 Rd1+ 34. Rxd1 Rxd1+ 35. Kh2 Rc1 36. c4 Rb1 37. Rd3 Rxb4 38. Rd7+ Kc6 39. Rxh7 Nd6 40. Re7 Nxc4 41. Rxe6+ Kb5 42. Nd5 Rb2 43. Rxg6 Kxa5 44. h4 Rd2 45. Nf4 Rd4 46. g3 Ne5 47. Rf6 Ng4+ 0-1

[Event "FIDE WRBTC Blitz-Pool 2024"]
[Site "Astana"]
[Date "2024.08.05"]
[Round "6.14"]
[White "Sadybekov, Adilzhan"]
[Black "Gubaydulin, Talgat"]
[Result "0-1"]
[WhiteElo "1674"]
[BlackElo "2385"]
[Annotator "ChessBase"]
[PlyCount "108"]
[EventDate "2024.08.01"]
[EventType "team-tourn"]
[EventCountry "KAZ"]
[SourceTitle "playchess.com"]
[Source "ChessBase"]
[SourceQuality "1"]

1. d4 Nf6 2. Nf3 g6 3. Bg5 Bg7 4. Nbd2 O-O 5. e4 d5 6. Bd3 dxe4 7. Nxe4 Nbd7 8. O-O Nxe4 9. Bxe4 c5 10. c3 cxd4 11. cxd4 Nf6 12. Bd3 Be6 13. Rc1 Qb6 14. Qd2 Rfd8 15. Rfe1 Rac8 16. b3 Rxc1 17. Rxc1 Bd5 18. Bf4 Ne8 19. Be5 Bxf3 20. gxf3 Bxe5 21. dxe5 Qd4 22. Rc3 Qxe5 23. Qc1 Nf6 24. Bf1 Nd5 25. Rd3 Kg7 26. Qd1 e6 27. Bg2 Qg5 28. Qf1 Rc8 29. a4 Rc1 30. Rd1 Rxd1 31. Qxd1 Nf4 32. Qf1 Kf6 33. Kh1 Qxg2+ 34. Qxg2 Nxg2 35. Kxg2 Ke5 36. Kg3 Kd4 37. Kf4 f6 38. b4 Kc4 39. b5 Kb4 40. Ke4 Kxa4 41. Kd4 Kxb5 42. f4 a5 43. Kc3 Kc5 44. h4 h5 45. f3 b6 46. Kb3 b5 47. Kc3 Kd5 48. Kd3 a4 49. Kc3 Kc5 50. Kc2 Kc4 51. Kb2 b4 52. Kc2 a3 53. Kb1 Kd4 54. Ka2 Ke3 0-1

[Event "FIDE WRBTC Blitz-Pool 2024"]
[Site "Astana"]
[Date "2024.08.05"]
[Round "6.15"]
[White "Rodionov, Adil"]
[Black "Shevchenko, Alexandr"]
[Result "1-0"]
[WhiteElo "2353"]
[BlackElo "1814"]
[Annotator "ChessBase"]
[PlyCount "43"]
[EventDate "2024.08.01"]
[EventType "team-tourn"]
[EventCountry "KAZ"]
[SourceTitle "playchess.com"]
[Source "ChessBase"]
[SourceQuality "1"]

1. e4 e5 2. Nf3 Nc6 3. Nc3 Nf6 4. Bb5 Bc5 5. Nxe5 Nxe5 6. d4 Bd6 7. f4 Ng6 8. e5 Bb4 9. exf6 Qxf6 10. O-O Bxc3 11. bxc3 O-O 12. f5 Ne7 13. Qg4 Nc6 14. Bg5 Qd6 15. f6 g6 16. Qh4 Re8 17. Rae1 Rd8 18. Re7 a6 19. Bc4 Nxe7 20. fxe7 Re8 21. Rxf7 Qc6 22. Qxh7# 1-0

[Event "FIDE WRBTC Blitz-Pool 2024"]
[Site "Astana"]
[Date "2024.08.05"]
[Round "6.15"]
[White "Omarbek, Adlet"]
[Black "Sartbayev, Askar"]
[Result "1-0"]
[WhiteElo "1713"]
[BlackElo "1702"]
[Annotator "NA"]
[PlyCount "65"]
[EventDate "2024.08.01"]
[EventType "team-tourn"]
[EventCountry "KAZ"]
[SourceTitle "playchess.com"]
[Source "ChessBase"]
[SourceQuality "1"]

1. e4 c5 2. Nf3 d6 3. Bb5+ Nc6 4. O-O Nf6 5. Re1 e5 6. c3 a6 7. Bf1 Bg4 8. h3 Bxf3 9. Qxf3 Be7 10. d3 O-O 11. Be3 d5 12. Bg5 d4 13. c4 Nd7 14. Bxe7 Qxe7 15. Nd2 b5 16. b3 g6 17. a3 Kh8 18. g3 f5 19. exf5 Rxf5 20. Qxc6 Raf8 21. Ne4 Nf6 22. Ra2 Nxe4 23. Qxe4 Qf6 24. Qe2 h5 25. Bg2 Re8 26. Qe4 Kg7 27. a4 b4 28. Rf1 Qf7 29. Qd5 Qc7 30. Be4 Rf6 31. Qb7 Re7 32. Qxc7 Rxc7 33. f4 1-0

[Event "FIDE WRBTC Blitz-Pool 2024"]
[Site "Astana"]
[Date "2024.08.05"]
[Round "6.15"]
[White "Kalikhan, Abilmansur"]
[Black "Akhmetov, Ayan"]
[Result "0-1"]
[WhiteElo "1670"]
[BlackElo "2380"]
[Annotator "ChessBase"]
[PlyCount "105"]
[EventDate "2024.08.01"]
[EventType "team-tourn"]
[EventCountry "KAZ"]
[SourceTitle "playchess.com"]
[Source "ChessBase"]
[SourceQuality "1"]

1. f4 d6 2. Nf3 c5 3. e3 Nf6 4. Nc3 g6 5. Bb5+ Bd7 6. Bxd7+ Qxd7 7. O-O Bg7 8. d3 O-O 9. e4 e6 10. h3 Nc6 11. Qe2 a6 12. a3 b5 13. Rb1 b4 14. axb4 cxb4 15. Na4 Nd4 16. Nxd4 Qxa4 17. Nb3 Rfc8 18. Be3 a5 19. Qf2 Qc6 20. Nd4 Qb7 21. f5 e5 22. Nf3 d5 23. Bg5 dxe4 24. Bxf6 Bxf6 25. Ne1 exd3 26. fxg6 Bd8 27. gxf7+ Kf8 28. Nxd3 Bb6 29. Nxe5 Bxf2+ 30. Rxf2 Rd8 31. Re1 Ra6 32. Ng4 Rad6 33. Nf6 Kxf7 34. Ne4+ Kg6 35. Nxd6 Rxd6 36. Ref1 Qb6 37. Kh1 a4 38. Rf8 a3 39. bxa3 bxa3 40. Rg8+ Kh6 41. Rg4 a2 42. Rh4+ Kg7 43. Re4 Qa6 44. Re7+ Kg6 45. Ra1 Rd2 46. c4 Qf6 47. Ree1 Qf2 48. Rg1 Kg5 49. c5 Qxc5 50. Kh2 Qe5+ 51. Kh1 Kh4 52. Rge1 Qd5 53. Kh2 0-1

[Event "FIDE WRBTC Blitz-Pool 2024"]
[Site "Astana"]
[Date "2024.08.05"]
[Round "6.16"]
[White "Nugumanov, Bakhtiyar"]
[Black "Almazuly, Azamat"]
[Result "1-0"]
[WhiteElo "2288"]
[BlackElo "1720"]
[Annotator "ChessBase"]
[PlyCount "45"]
[EventDate "2024.08.01"]
[EventType "team-tourn"]
[EventCountry "KAZ"]
[SourceTitle "playchess.com"]
[Source "ChessBase"]
[SourceQuality "1"]

1. e4 c5 2. Nf3 Nc6 3. d4 cxd4 4. Nxd4 g6 5. c4 Nf6 6. Nc3 d6 7. Be2 Bg7 8. Be3 O-O 9. O-O Nxd4 10. Bxd4 Qa5 11. a3 Be6 12. b4 Qc7 13. Rc1 Rfc8 14. Nd5 Bxd5 15. exd5 a5 16. Re1 b6 17. Bf3 Re8 18. c5 bxc5 19. bxc5 dxc5 20. Rxc5 Qd6 21. Qc1 Nd7 22. Rc6 Qxa3 23. Qxa3 1-0

[Event "FIDE WRBTC Blitz-Pool 2024"]
[Site "Astana"]
[Date "2024.08.05"]
[Round "6.16"]
[White "Adilbekuly, Altair"]
[Black "Shakhman, Asanali"]
[Result "1-0"]
[WhiteElo "1694"]
[BlackElo "1537"]
[Annotator "NA"]
[PlyCount "43"]
[EventDate "2024.08.01"]
[EventType "team-tourn"]
[EventCountry "KAZ"]
[SourceTitle "playchess.com"]
[Source "ChessBase"]
[SourceQuality "1"]

1. e4 c6 2. d4 d5 3. e5 c5 4. dxc5 e6 5. Be3 Qa5+ 6. c3 Qc7 7. Na3 a6 8. Nf3 Bxc5 9. Bxc5 Qxc5 10. Nc2 Ne7 11. Bd3 Bd7 12. O-O Bb5 13. Ncd4 Bxd3 14. Qxd3 Nbc6 15. b4 Qb6 16. Rfb1 Nxd4 17. cxd4 O-O 18. b5 Rfc8 19. a4 Nf5 20. g4 Ne7 21. Nd2 Rc7 22. a5 1-0

[Event "FIDE WRBTC Blitz-Pool 2024"]
[Site "Astana"]
[Date "2024.08.05"]
[Round "6.16"]
[White "Tulekenova, Aiza"]
[Black "Kovanova, Mariya"]
[Result "1-0"]
[WhiteElo "1581"]
[BlackElo "2118"]
[Annotator "ChessBase"]
[PlyCount "111"]
[EventDate "2024.08.01"]
[EventType "team-tourn"]
[EventCountry "KAZ"]
[SourceTitle "playchess.com"]
[Source "ChessBase"]
[SourceQuality "1"]

1. e4 d5 2. exd5 Qxd5 3. Nc3 Qa5 4. d4 Nf6 5. Nf3 Bf5 6. Bd2 e6 7. h3 Bb4 8. Be2 O-O 9. O-O Nc6 10. a3 Bxc3 11. Bxc3 Qb6 12. Bd3 Bxd3 13. Qxd3 Rad8 14. Rad1 Rd5 15. Qe3 Rfd8 16. Rd2 Ne7 17. Rfd1 Nf5 18. Qe1 h6 19. Rd3 Ne7 20. b4 Ng6 21. g3 Qd6 22. Kg2 c6 23. Bb2 Qc7 24. c4 R5d7 25. Qe3 a5 26. Bc3 axb4 27. axb4 Ra8 28. Ne5 Nxe5 29. dxe5 Rxd3 30. Qxd3 Nh7 31. h4 Qe7 32. Qd7 Re8 33. b5 cxb5 34. Qxe7 Rxe7 35. Rd8+ Nf8 36. Bb4 Rc7 37. Rxf8+ Kh7 38. cxb5 Rc4 39. Bd2 Rc5 40. Rxf7 Rxb5 41. Be3 Kg6 42. Re7 Kf5 43. Rxg7 Kxe5 44. Bxh6 Kd6 45. Bf4+ Kc6 46. Re7 e5 47. Bxe5 Rb3 48. Bf4 b5 49. Be3 b4 50. h5 Ra3 51. h6 b3 52. h7 Ra8 53. Bd4 Kd6 54. Rg7 Rh8 55. Rg6+ Kd5 56. Bxh8 1-0

[Event "FIDE WRBTC Blitz-Pool 2024"]
[Site "Astana"]
[Date "2024.08.05"]
[Round "6.17"]
[White "Primbetov, Kazbek"]
[Black "Niyazbek, Nurtileu"]
[Result "1-0"]
[WhiteElo "2059"]
[BlackElo "1578"]
[Annotator "ChessBase"]
[PlyCount "53"]
[EventDate "2024.08.01"]
[EventType "team-tourn"]
[EventCountry "KAZ"]
[SourceTitle "playchess.com"]
[Source "ChessBase"]
[SourceQuality "1"]

1. d4 Nf6 2. c4 e6 3. Nf3 Bb4+ 4. Bd2 Bxd2+ 5. Qxd2 O-O 6. Nc3 d5 7. e3 c6 8. Bd3 b6 9. O-O Bb7 10. e4 dxc4 11. Bxc4 Re8 12. e5 Nd5 13. Ne4 Ba6 14. b3 Qc7 15. Rac1 Rd8 16. Qd3 Nb4 17. Qb1 b5 18. Neg5 g6 19. Be2 Qa5 20. Qe4 Kg7 21. Qf4 Rd7 22. Ne4 Nd5 23. Qh4 h6 24. Nf6 Nxf6 25. exf6+ Kg8 26. Qxh6 b4 27. Qg7# 1-0

[Event "FIDE WRBTC Blitz-Pool 2024"]
[Site "Astana"]
[Date "2024.08.05"]
[Round "6.17"]
[White "Kiribayeva, Togzhan"]
[Black "Tokbayev, Anuar"]
[Result "0-1"]
[WhiteElo "1544"]
[BlackElo "1880"]
[Annotator "NA"]
[PlyCount "66"]
[EventDate "2024.08.01"]
[EventType "team-tourn"]
[EventCountry "KAZ"]
[SourceTitle "playchess.com"]
[Source "ChessBase"]
[SourceQuality "1"]

1. e4 e6 2. d3 d5 3. Nd2 c5 4. g3 Nc6 5. Bg2 g6 6. Ngf3 Bg7 7. O-O Nf6 8. Re1 dxe4 9. dxe4 e5 10. c3 O-O 11. Qc2 Qc7 12. Nc4 Be6 13. Ne3 Rad8 14. a4 h6 15. Bd2 b6 16. b4 cxb4 17. cxb4 Qb7 18. Qb2 Nxe4 19. b5 Nd4 20. Nxd4 exd4 21. Nd1 Bd5 22. Bb4 Rfe8 23. Rb1 d3 24. Qa3 Nc3 25. Rxe8+ Rxe8 26. Bxd5 Re1+ 27. Kg2 Qxd5+ 28. f3 Re2+ 29. Nf2 Nxb1 30. Qc1 d2 31. Bxd2 Qxd2 32. Qxd2 Nxd2 33. f4 Bd4 0-1

[Event "FIDE WRBTC Blitz-Pool 2024"]
[Site "Astana"]
[Date "2024.08.05"]
[Round "6.17"]
[White "Anvar, Sultan"]
[Black "Zhumagali, Raian"]
[Result "0-1"]
[WhiteElo "1529"]
[BlackElo "1632"]
[Annotator "NA"]
[PlyCount "82"]
[EventDate "2024.08.01"]
[EventType "team-tourn"]
[EventCountry "KAZ"]
[SourceTitle "playchess.com"]
[Source "ChessBase"]
[SourceQuality "1"]

1. e4 c5 2. d4 cxd4 3. Qxd4 Nc6 4. Qd3 d6 5. Nc3 Nf6 6. Nf3 g6 7. Be2 Bg7 8. O-O O-O 9. Nd5 Nxd5 10. exd5 Ne5 11. Nxe5 Bxe5 12. Bh6 Re8 13. c3 Bf5 14. Qd1 Qb6 15. Qd2 Rac8 16. Rfe1 Rc5 17. Be3 Qc7 18. Bxc5 Qxc5 19. Bf3 b5 20. Rac1 Qc4 21. Qe2 Bd3 22. Qd1 Bf5 23. Be2 Qc5 24. Bf3 Ra8 25. a4 a6 26. Qb3 Bd3 27. Be2 Be4 28. axb5 Bxd5 29. Qc2 axb5 30. b3 Qc6 31. c4 Be4 32. cxb5 Qxc2 33. Rxc2 Bxc2 34. Rc1 Bxb3 35. b6 Bd5 36. Rb1 Bb7 37. Rc1 Ra1 38. Rxa1 Bxa1 39. Bf3 d5 40. Kf1 Bd4 41. Ke2 Bxb6 0-1

[Event "FIDE WRBTC Blitz-Pool 2024"]
[Site "Astana"]
[Date "2024.08.05"]
[Round "6.18"]
[White "Altynbek, Aiaru"]
[Black "Amangaliyev, Dauletkhan"]
[Result "1-0"]
[WhiteElo "1990"]
[BlackElo "1531"]
[Annotator "ChessBase"]
[PlyCount "76"]
[EventDate "2024.08.01"]
[EventType "team-tourn"]
[EventCountry "KAZ"]
[SourceTitle "playchess.com"]
[Source "ChessBase"]
[SourceQuality "1"]

1. d4 d5 2. c4 Nf6 3. cxd5 Nxd5 4. e4 Nf6 5. Nc3 g6 6. Nf3 Bg7 7. Be3 O-O 8. Be2 Ng4 9. Bf4 Re8 10. h3 Nf6 11. O-O c6 12. Qc2 Nbd7 13. Rad1 e6 14. Ne5 Qe7 15. Nc4 Nh5 16. Bxh5 gxh5 17. Nd6 Rf8 18. e5 Nb6 19. Nce4 Nd5 20. Bc1 Qc7 21. Qe2 Ne7 22. Qxh5 Ng6 23. Bh6 b6 24. Ng5 Bxh6 25. Qxh6 f5 26. Nxc8 Rfxc8 27. Nxe6 Qf7 28. Ng5 Qe7 29. h4 Rd8 30. h5 Nf8 31. Nf3 Rd5 32. Qf4 Qf7 33. h6 Qg6 34. Nh4 Qf7 35. Nxf5 Ne6 36. Qg4+ Kh8 37. Ne3 Rg8 38. Qh4 Rdd8 1-0

[Event "FIDE WRBTC Blitz-Pool 2024"]
[Site "Astana"]
[Date "2024.08.05"]
[Round "6.18"]
[White "Ermekbaev, Iliyas"]
[Black "Zhankarayeva, Zhansaya"]
[Result "1-0"]
[WhiteElo "1621"]
[BlackElo "1402"]
[Annotator "NA"]
[PlyCount "86"]
[EventDate "2024.08.01"]
[EventType "team-tourn"]
[EventCountry "KAZ"]
[SourceTitle "playchess.com"]
[Source "ChessBase"]
[SourceQuality "1"]

1. e4 c5 2. Nf3 e6 3. d4 cxd4 4. Nxd4 a6 5. Qd3 Qc7 6. Qg3 Qxg3 7. hxg3 Nf6 8. Bd3 Nc6 9. Nb3 d5 10. Nc3 Bb4 11. exd5 Nxd5 12. Bd2 Nxc3 13. bxc3 Bd6 14. Rxh7 Rxh7 15. Bxh7 g6 16. Ke2 Bf8 17. Rd1 Bg7 18. f4 e5 19. Kf3 Bf5 20. Nc5 b6 21. Nb3 Bxc2 22. Re1 Bf5 23. g4 Be6 24. f5 Bd5+ 25. Kf2 Bxb3 26. axb3 Rd8 27. Be3 Rd3 28. fxg6 f6 29. Bxb6 Rxc3 30. b4 Nxb4 31. Ba5 Nd3+ 32. Ke2 Nxe1 33. Bxc3 Nxg2 34. Bb4 Nf4+ 35. Kf3 Kd7 36. g5 fxg5 37. Kg4 Ne6 38. Bc3 Kc6 39. Kf3 Kb5 40. Ke4 Kc4 41. Bxe5 Bxe5 42. Kxe5 Nf8 43. g7 Nxh7 1-0

[Event "FIDE WRBTC Blitz-Pool 2024"]
[Site "Astana"]
[Date "2024.08.05"]
[Round "6.18"]
[White "Serikov, Merey"]
[Black "Selteyev, Urazgali"]
[Result "0-1"]
[WhiteElo "1616"]
[BlackElo "1400"]
[Annotator "NA"]
[PlyCount "58"]
[EventDate "2024.08.01"]
[EventType "team-tourn"]
[EventCountry "KAZ"]
[SourceTitle "playchess.com"]
[Source "ChessBase"]
[SourceQuality "1"]

1. d4 d5 2. Nf3 Nf6 3. c4 e6 4. Nc3 Be7 5. Bg5 O-O 6. e3 b6 7. cxd5 exd5 8. Bd3 Bg4 9. h3 Bh5 10. O-O c6 11. Rc1 Nbd7 12. Be2 Rc8 13. Qa4 a5 14. a3 Ne4 15. Bxe7 Qxe7 16. Qd1 f5 17. Nd2 Bxe2 18. Qxe2 Rce8 19. Ncxe4 dxe4 20. Rxc6 f4 21. Nc4 f3 22. gxf3 exf3 23. Qd3 Qh4 24. Ne5 Qg5+ 25. Ng4 h5 26. Qc4+ Kh8 27. Kh2 hxg4 28. Rg1 Nf6 29. Rxb6 Qh5 0-1

[Event "FIDE WRBTC Blitz-Pool 2024"]
[Site "Astana"]
[Date "2024.08.05"]
[Round "6.19"]
[White "Sychev, Klementy"]
[Black "Orozbaev, Eldiyar"]
[Result "0-1"]
[WhiteElo "2531"]
[BlackElo "2376"]
[Annotator "ChessBase"]
[PlyCount "106"]
[EventDate "2024.08.01"]
[EventType "team-tourn"]
[EventCountry "KAZ"]
[SourceTitle "playchess.com"]
[Source "ChessBase"]
[SourceQuality "1"]

1. e4 e6 2. d4 d5 3. Nc3 Nf6 4. Bg5 h6 5. Bxf6 Qxf6 6. a3 c6 7. Nf3 Qd8 8. Bd3 Nd7 9. Qd2 Be7 10. O-O O-O 11. Rfe1 b5 12. exd5 exd5 13. a4 b4 14. Ne2 a5 15. Ng3 Bd6 16. Nf5 Nf6 17. Nxh6+ gxh6 18. Qxh6 Ba6 19. Bf5 Bc8 20. Nh4 Bxh2+ 21. Kh1 Qd6 22. g3 Rd8 23. Bxc8 Ne4 24. Qxd6 Rxd6 25. Bh3 Bxg3 26. fxg3 Nxg3+ 27. Kh2 Ne4 28. Rg1+ Kf8 29. Raf1 b3 30. cxb3 Rb8 31. Ng6+ Ke8 32. Ne5 Nf6 33. Rf3 Ke7 34. Rgf1 Rh8 35. R1f2 Rh6 36. Kg1 Rh8 37. Kf1 Rh5 38. Ke1 c5 39. Re2 cxd4 40. Nc4+ Re6 41. Bxe6 fxe6 42. Nd2 e5 43. Rg3 e4 44. Reg2 e3 45. Nf3 d3 46. Rg1 Ne4 47. Rg7+ Kd6 48. R7g6+ Kc5 49. R6g2 Rf5 50. Nh4 Rf2 51. Rg8 Rxb2 52. Rc8+ Kb4 53. Kf1 e2+ 0-1

[Event "FIDE WRBTC Blitz-Pool 2024"]
[Site "Astana"]
[Date "2024.08.05"]
[Round "6.19"]
[White "Tologon tegin, Semetei"]
[Black "Kazakov, Konstantin"]
[Result "1-0"]
[WhiteElo "2337"]
[BlackElo "2333"]
[Annotator "ChessBase"]
[PlyCount "92"]
[EventDate "2024.08.01"]
[EventType "team-tourn"]
[EventCountry "KAZ"]
[SourceTitle "playchess.com"]
[Source "ChessBase"]
[SourceQuality "1"]

1. g3 e5 2. Bg2 d5 3. d3 Nc6 4. Nf3 Nf6 5. a3 a5 6. c4 dxc4 7. Qa4 Bd7 8. Qxc4 Bd6 9. Bg5 h6 10. Bxf6 Qxf6 11. Nc3 O-O 12. Ne4 Qe7 13. Nxd6 Qxd6 14. O-O a4 15. Rac1 Ra5 16. Rfe1 Rc8 17. Nd2 Nd4 18. Bxb7 Rb8 19. Qxc7 Qxc7 20. Rxc7 Bg4 21. f3 Be6 22. Be4 f5 23. e3 Nb5 24. Rb7 Rxb7 25. Bxb7 Nd6 26. Bc6 Kf7 27. e4 g6 28. Rc1 Ke7 29. Nc4 Rc5 30. Bxa4 fxe4 31. fxe4 Bxc4 32. dxc4 Rxc4 33. Rxc4 Nxc4 34. Bb5 Nxb2 35. Kf2 Nd1+ 36. Kf3 Nc3 37. a4 Kd6 38. Be8 g5 39. h4 Nb1 40. a5 Kc5 41. hxg5 hxg5 42. Kg4 Nd2 43. Kf5 Kd4 44. a6 Nxe4 45. a7 Nd6+ 46. Kxg5 Kd5 1-0

[Event "FIDE WRBTC Blitz-Pool 2024"]
[Site "Astana"]
[Date "2024.08.05"]
[Round "6.19"]
[White "Bolat, Inayat"]
[Black "Sadek, Sameh"]
[Result "0-1"]
[WhiteElo "2264"]
[BlackElo "2286"]
[Annotator "ChessBase"]
[PlyCount "143"]
[EventDate "2024.08.01"]
[EventType "team-tourn"]
[EventCountry "KAZ"]
[SourceTitle "playchess.com"]
[Source "ChessBase"]
[SourceQuality "1"]

1. e4 c5 2. Nf3 a6 3. c3 d5 4. exd5 Qxd5 5. d4 Nf6 6. Be2 e6 7. Be3 cxd4 8. cxd4 Nc6 9. O-O Be7 10. Nc3 Qa5 11. a3 O-O 12. b4 Qd8 13. Rc1 Bd7 14. Bd3 Rc8 15. Bb1 a5 16. b5 Nb8 17. Qd3 g6 18. a4 Ba3 19. Rcd1 Bb4 20. Ne4 Nd5 21. Ne5 f6 22. Nc4 Be8 23. Nc5 Qe7 24. h4 Bf7 25. h5 Rfd8 26. Qe4 Nc3 27. Qxb7 Bxc5 28. Qf3 Bb4 29. Nb6 Rc7 30. Rc1 Nxb1 31. Rxb1 Qd6 32. Na8 Rcc8 33. hxg6 Bxg6 34. Rbd1 Qd5 35. Qxf6 Rf8 36. Qh4 Qxa8 37. Bh6 Rf5 38. Rfe1 Qd5 39. Re3 Nd7 40. Rg3 Nf6 41. Be3 Be7 42. Qh6 Kf7 43. Re1 Rh5 44. Qf4 Bd6 45. Qf3 Bxg3 46. Qxg3 Rd8 47. Qc7+ Rd7 48. Qxa5 Ng4 49. Bf4 Qf5 50. Bg3 Qd5 51. Qb6 Nf6 52. a5 Ne4 53. Be5 Rg5 54. f3 Nd2 55. Kf2 Rxg2+ 56. Kxg2 Nxf3 57. Rf1 Be4 58. Qb8 Kg6 59. Qg8+ Kh5 60. Qe8+ Bg6 61. Qf8 Nxe5+ 62. Kg3 Qb3+ 63. Kf4 Rxd4+ 64. Kxe5 Qd5+ 65. Kf6 Qd8+ 66. Qxd8 Rxd8 67. Kxe6 Bd3 68. Rh1+ Kg4 69. b6 h5 70. Rd1 Bf5+ 71. Ke5 Rxd1 72. b7 0-1

[Event "FIDE WRBTC Blitz-Pool 2024"]
[Site "Astana"]
[Date "2024.08.05"]
[Round "6.20"]
[White "Wafa, Hamed"]
[Black "Ten, Viktor"]
[Result "0-1"]
[WhiteElo "2345"]
[BlackElo "2236"]
[Annotator "ChessBase"]
[PlyCount "130"]
[EventDate "2024.08.01"]
[EventType "team-tourn"]
[EventCountry "KAZ"]
[SourceTitle "playchess.com"]
[Source "ChessBase"]
[SourceQuality "1"]

1. e4 e6 2. d4 d5 3. e5 c5 4. c3 Qb6 5. Nf3 Nc6 6. Be2 Nh6 7. Bxh6 gxh6 8. Qd2 Bg7 9. O-O O-O 10. Na3 Bd7 11. Nc2 cxd4 12. cxd4 a5 13. Ne3 h5 14. Rfd1 f6 15. exf6 Rxf6 16. Ng5 Raf8 17. Qd3 Rg6 18. Nxh7 Kxh7 19. Bxh5 Be8 20. Nc2 Rf5 21. Bxg6+ Bxg6 22. Qe3 Qxb2 23. Rac1 Bh6 24. Qh3 Rh5 25. Qxe6 Bxc1 26. Qd7+ Kh6 27. Qc8 Kg7 28. Qc7+ Bf7 29. Qg3+ Rg5 30. Qd3 Bg6 31. Qf1 Qxc2 32. Rxc1 Qd3 33. Qe1 Qe4 34. Qf1 Nxd4 35. Kh1 Nc6 36. f3 Qd3 37. Qe1 Re5 38. Qh4 Qd2 39. Rg1 Re2 40. Qg3 Rf2 41. Qc7+ Bf7 42. Qg3+ Kf8 43. Qd6+ Ne7 44. Qb8+ Be8 45. Qg3 Qe2 46. Qf4+ Bf7 47. Qb8+ Kg7 48. Qg3+ Ng6 49. h4 Rf1 50. h5 Rxg1+ 51. Kxg1 Qd1+ 52. Kh2 Qd4 53. hxg6 Bxg6 54. Qc7+ Kh6 55. Qxb7 Qf4+ 56. Kg1 d4 57. Qc8 Qe3+ 58. Kh2 Qe5+ 59. Kg1 d3 60. Qd8 Qe3+ 61. Kh2 Qf4+ 62. Kg1 d2 63. Kf1 Qe3 64. Qh4+ Kg7 65. Qe7+ Qxe7 0-1

[Event "FIDE WRBTC Blitz-Pool 2024"]
[Site "Astana"]
[Date "2024.08.05"]
[Round "6.20"]
[White "Zhakshylykov, Erzhan"]
[Black "Shubin, Kirill"]
[Result "1-0"]
[WhiteElo "2327"]
[BlackElo "2459"]
[Annotator "ChessBase"]
[PlyCount "57"]
[EventDate "2024.08.01"]
[EventType "team-tourn"]
[EventCountry "KAZ"]
[SourceTitle "playchess.com"]
[Source "ChessBase"]
[SourceQuality "1"]

1. d4 Nf6 2. c4 e6 3. Nc3 Bb4 4. Nf3 b6 5. e3 Bb7 6. Bd3 O-O 7. O-O Bxc3 8. bxc3 d6 9. Nd2 e5 10. f3 Nc6 11. Nb3 Re8 12. e4 a5 13. a4 Ne7 14. Be3 Ng6 15. Qd2 Ba6 16. Rfd1 Qe7 17. c5 Bxd3 18. Qxd3 exd4 19. cxd6 Qxd6 20. cxd4 Nh5 21. Qb5 Nhf4 22. Rac1 Rac8 23. Rc6 Qd8 24. Rdc1 Ne6 25. d5 Nef8 26. d6 Ne6 27. dxc7 Qh4 28. g3 Qh3 29. Qf5 1-0